000 00477nam a22001817a 4500
003 KOHA_MİRAKIL
005 20251221141539.0
008 251221b tu ||||| |||| 00| 0 tur d
020 _a9786256110038
040 _aTR-AnABB
_btur
_cTR-AnABB
041 _atur
082 _a614
_bSOK 2024
245 1 0 _aSokak hayvanları /
260 _aAnkara :
_bTürkiye Bilimler Akademisi,
_c2024
300 _a184 sayfa ;
_c18 cm
650 0 4 _aSokak hayvanları
942 _2ddc
_cBK
999 _c9843
_d9843
900 _bGizem YORULMAZ